000 002880000a22000970004500
100 1 _aBaarda, Tjitze
245 1 0 _aLuke 22:42-47a. The Emperor Julian as witness to the text of Luke
300 _aVol. 30, Num. 4 (Octubre, 1988), Páginas 289-296
773 0 _tNovum Testamentum
942 _cANA
999 _c56760
_d56760